000 00216nam a22001097a 4500
999 _c65159
_d65156
082 _a297.923ش ب ل
100 _aشبلی
245 _aسیرۃالنبی
260 _aکراچی
300 _a۲۱۴
942 _cBK